Justiȧ, profissionalismo e polt̕ica O STF e o controle da constitucionalidade das leis no Brasil

Bibliographic Details
Main Author: Oliveira, Fabiana Luci de
Format: eBook
Language:Portuguese
Published: Rio de Janeiro : FGV - Direito Rio, 2011
Subjects:
Online Access:http://www.vlex.com/source/6830

MARC

LEADER 00000nam a22000007a 4500
005 20130129151844.0
007 cr|||| ||||
008 130129e2011 bl |||||s|||| 00||0 por d
020 |a 8522509409 
035 |a 6830 
040 |a vLex 
090 |c 3621  |d 3621 
100 1 0 |a Oliveira, Fabiana Luci de  
245 1 0 |a Justiȧ, profissionalismo e polt̕ica  |b O STF e o controle da constitucionalidade das leis no Brasil  |h [Recurso electrn̤ico] 
256 |a Servicio en ln̕ea 
260 |a Rio de Janeiro :  |b FGV - Direito Rio,   |c 2011 
300 |a 1 Recurso electrn̤ico 
650 0 4 |a Derecho constitucional  |z Brasil 
740 |a vLex Libros (Servicio en ln̕ea) 
856 |a Acceso restringido  |u http://www.vlex.com/source/6830 
942 |c BOOK 
999 0 |a Constitutional law